000 00952nam a2200289 i 4500
001 13005
003 ES-MaACL
005 20251205130008.0
007 t|
008 960619s1995 sp ||||0| spa
020 _a84-375-0413-9
080 _a327.84(460)"15"
080 _a929 Cervantes Saavedra, Miguel de
080 _a961"15"
100 1 _aSola, Emilio.
_9107042
245 1 0 _aCervantes y la Berbería :
_b(Cervantes, mundo turco-berberisco y servicios secretos en la época de Felipe II).
250 _a1ª ed.
260 _aMadrid :
_bF.C.E. de España,
_c1995.
300 _a293 p. ;
_c21 cm.
490 1 _aSección de obras de historia
600 1 4 _aCervantes Saavedra, Miguel de,
_d1547-1616
_9226514
651 4 _aMagreb-
_xHistoria-
_y1517-1882.
_9149121
700 1 _aPeña, José Francisco de la,
_d1945-1995
_990228
830 1 _aSección de obras de historia
_9179403
852 _aES-MaACL
_jL-20323
999 _c13005
_d13005